000 00301nam a2200121Ia 4500
005 20260328104255.0
008 260328s9999||||xx |||||||||||||| ||und||
100 _aMildred, Friedman
245 0 _aDe STIJL :
_b 1917-1931 /
_cFriedman Mildred
260 _bTaschen
650 _aFOTOGRAFÍA
942 _cBK
999 _c10406
_d10406